00560 2200205 4500001002100000005001700021008004100038035002600079245006200105100002200167250002000189260003300209300003100242020000600273082001000279084001600289650001300305650002400318990001200342INLIS00000000000032320240612145348.0240612| ||| |  a 0010-06240000000032300aResearch Teori Metodologi AdministrasicTaliziduhu Ndraha0 aTaliziduhu Ndraha aCetakan pertama aJakarta :bBina Aksarac1981 axiv, 205 halaman ;c21 cm. a-0 a001.4 a001.4 TAL r 0aResearch 0aStatistical Methods a0000510